Marvel Rainbow Picture Quiz #2 - Statistics

General Stats
  • This quiz has been taken 16 times
  • The average score is 13 of 16
Answer Stats
Picture Answer % Correct
Captain America
100%
Hulk
100%
Spider-Gwen
100%
Wolverine
100%
Cyclops
94%
Thing
94%
Wasp
94%
Elektra
88%
Invisible Woman
88%
Rogue
81%
Wonder Man
75%
Patsy Walker
69%
Elsa Bloodstone
56%
Polaris
56%
Jessica Jones
50%
Sersi
38%
No matching quizzes found
Score Distribution
Percent of People with Each Score
Percentile by Number Answered
Your Score History
You have not taken this quiz